000 00717nam a22002412a 4500
001 36174
003 BD-RjUL
005 20211209052439.0
008 140617s1961 enk b 001 0 eng d
035 _a(BD-RjUL)36271
040 _aDLC
_cDLC
_dBD-RjUL
_dBD-RjUL
_beng
041 _aeng
082 _a320.42
_bDEU 1966
100 1 _aDerry, T. K.
_q(Thomas Kingston),
_d1905-
_940876
245 0 4 _aThe United Kingdom :
_ba survey of British institutions today /
260 _aLondon :
_bLongmans,
_c1961[Reprinted 1966]
300 _a245 p. ;
_c19 cm
504 _aIncludes bibliography
651 0 _aGreat Britain
_xPolitics and government
_9110089
942 _2ddc
_cBK
999 _c36174
_d36174